000 00583nam a2200193Ia 4500
005 20260120124606.0
008 008 260114s9999 xx 000 0 eng d
020 _a9781849506397
037 _aEBOOK
040 _aCRL
_beng
_cCRL
041 _aeng
_2eng
084 _qCRL
245 4 _aThe Many Faces of Public Management Reform in the Asia-Pacific Region
260 _bEmerald Publishing
_c2009
700 _aClay Wescott
_9908150
856 _uhttps://www.emerald.com/insight/publication/doi/10.1108/S0732-1317(2009)18
942 _cEBOOK
999 _c1500039
_d1500039